ბათუმის შოთა რუსთაველის სახელმწიფო უნივერსიტეტის ბიბლიოთეკა

Перегонка и ректификация в нефтепереработке. (ბიბ.ჩანაწერი № 37330)

000 -LEADER
fixed length control field 00626nam a2200205Ia 4500
001 - CONTROL NUMBER
control field 3289
003 - CONTROL NUMBER IDENTIFIER
control field GE_BSU
008 - FIXED-LENGTH DATA ELEMENTS--GENERAL INFORMATION
fixed length control field 181216s||||||||xx |||||||||||||| ||und||
040 ## - CATALOGING SOURCE
Transcribing agency GE_BSU
080 ## - UNIVERSAL DECIMAL CLASSIFICATION NUMBER
Universal Decimal Classification number 665.63+66(075.8)
100 ## - MAIN ENTRY--PERSONAL NAME
Personal name Александров,И.А.
245 ## - TITLE STATEMENT
Title Перегонка и ректификация в нефтепереработке.
245 ## - TITLE STATEMENT
Statement of responsibility, etc. Ред.И.А.Захарьянц.
260 ## - PUBLICATION, DISTRIBUTION, ETC.
Place of publication, distribution, etc. М.
260 ## - PUBLICATION, DISTRIBUTION, ETC.
Name of publisher, distributor, etc. Химия.
260 ## - PUBLICATION, DISTRIBUTION, ETC.
Date of publication, distribution, etc. 1981.
300 ## - PHYSICAL DESCRIPTION
Extent 352 стр.илл.21см.
653 ## - INDEX TERM--UNCONTROLLED
Uncontrolled term Перегонка и ректификация в нефтепереработке.
942 ## - ADDED ENTRY ELEMENTS (KOHA)
Koha item type წიგნი
ეგზემპლარები
Withdrawn status Lost status Damaged status Not for loan Date acquired Barcode Date last seen Price effective from Koha item type
        2018-12-17 9455 2018-12-17 2018-12-17 წიგნი
        2018-12-17 9456 2018-12-17 2018-12-17 წიგნი
        2018-12-17 9457 2018-12-17 2018-12-17 წიგნი
        2018-12-17 9458 2018-12-17 2018-12-17 წიგნი
        2018-12-17 9459 2018-12-17 2018-12-17 წიგნი